| 000 | 01517nam a22003737a 4500 | ||
|---|---|---|---|
| 003 | CHAP | ||
| 005 | 20220329143747.0 | ||
| 008 | 200711s2011 mx r 00010 spa d | ||
| 010 | _a101557 | ||
| 011 | _a102529 | ||
| 035 | _a113218 | ||
| 040 | _cCHAP | ||
| 090 | _aTesis | ||
| 100 | 1 |
_aReyes Herrera, Pedro _996871 |
|
| 245 | 1 | 0 |
_aPropuesta de manejo de los residuos sólidos y de educación ambiental en los dormitorios del internado de la Universidad Autónoma Chapingo _h[En línea] _c/por Pedro Reyes Herrera |
| 260 |
_aChapingo, Méx. : _bEl autor, _c2011 |
||
| 500 | _aPara ver el contenido del material haga clic en la liga | ||
| 502 | _aTesis (Ing. en Agrocología) -- UACH. Departamento de Enseñanza, Investigación y Servicio en Agrecología | ||
| 590 |
_aALEPH _b10 _c20130110 _lUCH01 _h1541 |
||
| 590 |
_aBATCH-UPD _b10 _c20130110 _lUCH01 _h1703 |
||
| 590 |
_aBATCH-UPD _b10 _c20130410 _lUCH01 _h1051 |
||
| 590 |
_aBATCH-UPD _b10 _c20130914 _lUCH01 _h1244 |
||
| 590 |
_aBATCH-UPD _b10 _c20140324 _lUCH01 _h1526 |
||
| 590 |
_aBATCH-UPD _b10 _c20141002 _lUCH01 _h0849 |
||
| 590 |
_aCONVERSION _b10 _c20130109 _lUCH01 _h1356 |
||
| 650 | 1 | 4 |
_aEducación ambiental. _935556 |
| 650 | 1 | 4 |
_aResiduos sólidos. _996119 |
| 650 | 1 | 4 |
_aUACH _9115798 |
| 856 |
_3Finding aid _uhttp://10.13.5.2/tesis/113218.pdf _zTeclea aqui |
||
| 901 | _aBK | ||
| 942 | _cFOLL | ||
| 949 |
_aTesis _bBC _cTES _d33724002249793 _eTS1 _gDonaciØn _h52404 _i113218 _st |
||
| 949 |
_aTesis _bBC _cTES _d33724002249835 _eTS2 _gDonaciØn _h52405 _i113218 _st |
||
| 999 |
_c101557 _d101557 |
||